Six months in the West Indies in 1825.

Bibliographic Details
Main Author: Coleridge, Henry Nelson, 1798-1843
Format: Book
Language:English
Published: New York : Negro Universities Press, [1970]
Subjects:

MARC

Tag First Indicator Second Indicator Subfields
LEADER 00000cam a2200000 4500
001 in00000257564
005 20151010053643.0
008 700325r19701825nyu 00000 eng
010 |a  72100284  
020 |a 0837129486 
035 |a (OCoLC)00062381 
035 |9 ABC5282AM 
040 |a DLC  |c DLC  |d TXA  |d UtOrBLW 
049 |a TXAM  |c [850519] 
050 0 0 |a F2131  |b .C686 1970 
082 0 |a 917.29 
100 1 |a Coleridge, Henry Nelson,  |d 1798-1843. 
245 1 0 |a Six months in the West Indies in 1825. 
264 1 |a New York :  |b Negro Universities Press,  |c [1970] 
300 |a 332 pages ;  |c 23 cm. 
336 |a text  |b txt  |2 rdacontent 
337 |a unmediated  |b n  |2 rdamedia 
338 |a volume  |b nc  |2 rdacarrier 
500 |a Reprint of the 1825 edition. 
651 0 |a West Indies, British  |x Description and travel. 
999 |a MARS 
999 f f |s 80836f9f-2078-3024-ad65-0cd1c5eb967d  |i 849d5c3c-aeab-381e-b87d-e3aac09b72fd  |t 0 
952 f f |p ric  |a Texas A&M University  |b Rellis Campus  |c Joint Library Facility  |d Remote Storage  |t 0  |e F2131 .C686 1970  |h Library of Congress classification  |i unmediated -- volume  |m A14802361572 
998 f f |a F2131 .C686 1970  |t 0  |l Remote Storage